South Eastern Kenya University

Library Online Public Access Catalogue


Philosophical inquiries into the nature of human freedom / (Record no. 11077)

MARC details
000 -LEADER
fixed length control field 00408nam a22001217a 4500
020 ## - INTERNATIONAL STANDARD BOOK NUMBER
International Standard Book Number 087548025X
050 ## - LIBRARY OF CONGRESS CALL NUMBER
Classification number BJ1463
Item number .S3 1936
100 ## - MAIN ENTRY--PERSONAL NAME
Personal name Schelling, F. W. J.,
245 ## - TITLE STATEMENT
Title Philosophical inquiries into the nature of human freedom /
Statement of responsibility, etc. Friedrich Wilhelm Joseph von Schelling; James Gutmann
260 ## - PUBLICATION, DISTRIBUTION, ETC. (IMPRINT)
Place of publication, distribution, etc. La Salle, Ill. :
Name of publisher, distributor, etc. Open Court,
Date of publication, distribution, etc. 1936.
300 ## - PHYSICAL DESCRIPTION
Field link and sequence number lii, 128 pages ; 21 cm.
942 ## - ADDED ENTRY ELEMENTS (KOHA)
Source of classification or shelving scheme Library of Congress Classification
Koha item type General circulation
Holdings
Withdrawn status Lost status Source of classification or shelving scheme Damaged status Not for loan Home library Current library Shelving location Date acquired Total Checkouts Full call number Barcode Date last seen Price effective from Koha item type
    Library of Congress Classification     Kitui Town Campus Library Kitui Town Campus Library General Stacks 18/02/2016   BJ 1463 .S3 1936 2016/010482 18/02/2016 18/02/2016 General circulation
Kitui, Kenya.
+254736116989
library@seku.ac.ke